000 00960cam a2200265 4500
008 090401t1988 xxu||||| |||| 00| 0 eng d
020 _a0854063609
035 _a(Sirsi) u45424
041 0 _aeng
050 0 4 _a692.3 $2 18
110 2 _aRoyal Institution of Chartered Surveyors
_94900
245 0 0 _aSMM7
_bstandard method of measurement of building works
250 _a7th ed.
260 _aLondon
_bRoyal Institution of Chartered Surveyors
_c1988
300 _a190p.
_c30cm.
350 _a17.50
520 _aStructured in common arrangement order as produced by the Co-ordinating Committee for Project Information .
520 _aSuperseded by seventh revised edition (J93044).
650 2 4 _aSTANDARD METHOD OF MEASUREMENT (SEVENTH EDITION)
651 4 _aInternational
690 _aBUILT ENVIRONMENT-QUANTITY SURVEYING-STANDARD METHOD OF MEASURMENT
710 _aBuilding Employers Confederation
_91705
942 _n0
948 _c04/03/1997
999 _c91714
_d91714